Normal view
MARC view
- Zeeshan, Muhammad Muzzamil
Entry Personal Name
001 - CONTROL NUMBER
- control field: 119508
003 - CONTROL NUMBER IDENTIFIER
- control field: NUST
005 - DATE AND TIME OF LATEST TRANSACTION
- control field: 20231206164009.0
008 - FIXED-LENGTH DATA ELEMENTS
- fixed length control field: 231206|| aca||aabn | a|a d
040 ## - CATALOGING SOURCE
- Original cataloging agency: NUST
- Transcribing agency: NUST
100 ## - HEADING--PERSONAL NAME
- Personal name: Zeeshan, Muhammad Muzzamil
670 ## - SOURCE DATA FOUND
- Source citation: Work cat.: (NUST): Zeeshan, Muhammad Muzzamil , Early Detection & Stage Classification of Parkinson’s Disease using Deep Learning /
